• 首页
  • 本馆介绍
  • 公告通知
  • 最新文献
  • 馆藏检索
  • 电子资源
  • 读者导购
  • 参考咨询
  • 我的图书馆
  • 登录
  • 详细信息显示
  • 放入我的书架
  • 预约/预借图书
  • 作者相关作品
  • 分类相关作品
  • 丛书相关作品
  • 出版社相关作品

书目信息

  • 表格格式
  • 工作单格式
  • 卡片格式
题名:
饲料添加剂指南
    
 
作者: 丁角立 编著
分册:  
出版信息: 北京   北京农业大学社  1994
页数: 143页
开本: 20cm
丛书名:
单 册:
中图分类: S816.7
科图分类:
主题词: 饲料添加剂
电子资源:
ISBN: 7-81002-687-9
000 00664nam0 2200193 450
001 0100683285
005 20130426165720.0
010    @a7-81002-687-9@dCNY6.00
011    @a7-81002-687-9
100    @a20021005e19961994em y0chiy0120 ea
200 1  @a饲料添加剂指南@9Si Liao Tian Jia Ji Zhi Nan;Na @f丁角立编著@b专著
210    @a北京@c北京农业大学社@d1994@h1996重印
215    @a143页@d20cm
330    @a本书对近年添加剂领域的新技术、新方法进行了总结,对当前多种添加剂与添加剂预混料的生产工艺作了介绍。
606 0  @a饲料添加剂
690    @aS816.7@v三版
701  0 @a丁角立@9ding jiao li@4编著
801  0 @aCN@bAiZhiMarc@c19950201
905    @aBZT@dS816.7@e104@f1@sS816.7/104
    
    饲料添加剂指南/丁角立编著.-北京:北京农业大学社,1994(1996重印)
    143页;20cm
    
    
    ISBN 7-81002-687-9:CNY6.00
    本书对近年添加剂领域的新技术、新方法进行了总结,对当前多种添加剂与添加剂预混料的生产工艺作了介绍。
●
相关链接 在五车中查询图书 在当当中查询图书 在豆瓣中查询图书


正题名:饲料添加剂指南     索取号:S816.7/104         预约/预借

序号 登录号 条形码 馆藏地/架位号 状态 备注
1 2000048940   2000048940   旧书回溯/ [索取号:S816.7/104] 在馆    
山东省滨州职业学院图书馆 欢迎您!
大连网信软件有限公司© 版权所有